| 000 | 00761nam a22002417a 4500 | ||
|---|---|---|---|
| 005 | 20220629093017.0 | ||
| 008 | 220629b ||||| |||| 00| 0 eng d | ||
| 040 | _cAL | ||
| 041 | _aEnglish | ||
| 082 |
_223 _a352.20954 _bLOKD |
||
| 100 |
_aLok Sabha Secretariat _945853 |
||
| 245 | _aDemarcation of Responsibilities in Government of India | ||
| 260 |
_aNew Delhi _bLok Sabha Secretariat _c2004 |
||
| 300 |
_avi,135 p. _bPB _c23x15 cm. |
||
| 365 |
_b₹60.00 _c₹ _d₹60.00 |
||
| 650 |
_aIndia _945854 |
||
| 650 |
_aAdministrative agencies _945855 |
||
| 650 |
_aMinisterial responsibility _945856 |
||
| 650 |
_aExecutive departments _945857 |
||
| 650 |
_aIndia Parliament Lok Sabha _945858 |
||
| 700 |
_aLOK SABHA SECRETARIAT _945859 |
||
| 942 |
_2ddc _cGF |
||
| 999 |
_c223507 _d223507 |
||